In situ hybridization protocols (Record no. 1209725)

MARC details
000 -LEADER
fixed length control field 01056nam a2200313Ia 4500
003 - CONTROL NUMBER IDENTIFIER
control field OSt
005 - DATE AND TIME OF LATEST TRANSACTION
control field 20221007122042.0
008 - FIXED-LENGTH DATA ELEMENTS--GENERAL INFORMATION
fixed length control field 221006b |||||||| |||| 00| 0 eng d
020 ## - INTERNATIONAL STANDARD BOOK NUMBER
International Standard Book Number 1588294021 (hbd)
037 ## - SOURCE OF ACQUISITION
Terms of availability Textbook
040 ## - CATALOGING SOURCE
Original cataloging agency BDL
Transcribing agency BDL
Language of cataloging eng
041 ## - LANGUAGE CODE
Source of code eng
Language code of text/sound track or separate title eng
100 ## - MAIN ENTRY--PERSONAL NAME
Personal name Darby Ian A Ed.
9 (RLIN) 713378
245 #0 - TITLE STATEMENT
Title In situ hybridization protocols
Remainder of title Hewitson Tim D Ed.
250 ## - EDITION STATEMENT
Edition statement 3
260 ## - PUBLICATION, DISTRIBUTION, ETC.
Place of publication, distribution, etc. New
Name of publisher, distributor, etc. Jersey Humana Press
Date of publication, distribution, etc. 2006
300 ## - PHYSICAL DESCRIPTION
Extent xi, 269p.
Dimensions cm.
490 ## - SERIES STATEMENT
Series statement Methods in molecular biology; 326
500 ## - GENERAL NOTE
General note Includes bibliographical references.; Index 265-269p.
650 ## - SUBJECT ADDED ENTRY--TOPICAL TERM
Topical term or geographic name entry element Insitu hybridization
9 (RLIN) 713379
650 ## - SUBJECT ADDED ENTRY--TOPICAL TERM
Topical term or geographic name entry element Biochemistry
700 ## - ADDED ENTRY--PERSONAL NAME
Personal name Hewitson Tim D Ed.
9 (RLIN) 713380
942 ## - ADDED ENTRY ELEMENTS (KOHA)
Classification part E9G:64, P6 Carb
Koha item type Textbook
Source of classification or shelving scheme Colon Classification (CC)
Holdings
Withdrawn status Lost status Source of classification or shelving scheme Damaged status Not for loan Home library Current library Date acquired Source of acquisition Total Checkouts Full call number Barcode Date last seen Price effective from Koha item type
    Colon Classification (CC)     Department of Botany Library Department of Botany Library 2022-10-07 320, 08/03/2007, Ashutosh Technical Books   E9G:64 P6 Carb BD0005173 2022-10-07 2022-10-07 Textbook
Copyright @ Delhi University Library System